000 00454nam a2200157 a 4500
005 20140412111327.0
008 010215s19uu xx 00 eng d
020 _a0-307-12847-4
050 _aER
_bPa11 1994
100 _aSmith, Parker
245 _aThe Pagemaster /
_cadapted by Parker Smith; illustrated by Vaccaro Associates Inc.
300 _a1 v. (unp.) ; ill.
650 _aLibrary's adventures -- Fiction
999 _c104703
_d104703